006780000a220018100045000410008000000820020000081000037000282450105000652600058001703000015002280010006002439420007002499520135002569990017003913360027004083370033004353380028004680 aSPA04aG 364.13 G9341c1 aGuerra Hoyos, Bernardo Alejandro10aCero corrupción : La solución política que Colombia necesita / Bernardo Alejandro Guerra Hoyos aMedellín, Colombia : Fundación Ciudad Don Bosco a275 Pág.13740 cBK 001040708GENaFUSBCbFUSBCd2006-04-19l5m3oG 364.13 G9341c p15960r2025-11-11 00:00:00s2025-09-11t1w2016-01-26yBKB0C3 c42685d42685 atextobtxt2rdacontent 2rdamediaasin mediaciónbn 2rdacarrieravolumenbnc